[Event "SportAccord Blitz 2014"]
[Site "Beijing CHN"]
[Date "2014.12.13"]
[Round "9.8"]
[White "Ponomariov, Ruslan"]
[Black "Dominguez Perez, Leinier"]
[Result "1/2-1/2"]
[WhiteTitle "GM"]
[BlackTitle "GM"]
[WhiteElo "2714"]
[BlackElo "2726"]
[WhiteFideId "14103320"]
[BlackFideId "3503240"]
[EventDate "2014.12.13"]

1. e4 c5 2. Nf3 d6 3. d4 cxd4 4. Nxd4 Nf6 5. Nc3 a6 6. h3 e6 7. g4 Nfd7 8. Bg2
Be7 9. Be3 Nc6 10. O-O O-O 11. Nce2 Qc7 12. c3 Re8 13. f4 Bf8 14. Qd2 Rb8 15. g5
Na5 16. b3 b5 17. Ng3 Bb7 18. Rf2 Rbc8 19. Nde2 Nc6 20. h4 Ne7 21. h5 g6 22. Rd1
d5 23. e5 Nc5 24. Bd4 Red8 25. Qe3 Nf5 26. Nxf5 exf5 27. b4 Ne6 28. Bb6 d4 29.
Bxd4 Bxg2 30. Rxg2 Qc4 31. a3 Qb3 32. Rd3 Qxa3 33. Kf2 Qa2 34. hxg6 fxg6 35. Rg1
a5 36. bxa5 Qxa5 37. Rgd1 Qa2 38. R3d2 Qc4 39. Bb6 Rxd2 40. Rxd2 Qc6 41. Bd4 Ra8
42. Qf3 Qxf3+ 43. Kxf3 Ra3 44. Kf2 b4 45. cxb4 Bxb4 46. Rd1 Kf7 47. Be3 Ke8 48.
Rb1 Be7 49. Nd4 Nxd4 50. Bxd4 Rd3 51. Be3 Rd7 52. Rb6 Bd8 53. Ra6 Rb7 54. Ke2
Rb3 55. Bc5 Rb5 56. Bd6 Rb6 57. Ra7 Rb2+ 58. Kd3 Rf2 59. e6 Rf1 60. Kc4 Rd1 61.
Bc5 Re1 62. Kd5 Rd1+ 63. Kc4 Rc1+ 64. Kd5 Rd1+ 65. Kc6 Re1 66. Rxh7 Rxe6+ 67.
Bd6 Ba5 68. Rh8+ Kf7 69. Kd7 Re4 70. Be5 Bd2 71. Rh7+ Kg8 72. Rg7+ Kf8 73. Rxg6
Bxf4 74. Bxf4 Rxf4 75. Ke6 Ra4 76. Kxf5 Ra5+ 77. Kg4 Kf7 78. Rb6 Ra1 79. Rb7+
Kg6 80. Rb6+ Kg7 81. Rb7+ Kg6 82. Rb6+ 1/2-1/2

[Event "SportAccord Blitz 2014"]
[Site "Beijing CHN"]
[Date "2014.12.13"]
[Round "10.4"]
[White "Bacrot, Etienne"]
[Black "Wang, Hao"]
[Result "0-1"]
[WhiteTitle "GM"]
[BlackTitle "GM"]
[WhiteElo "2718"]
[BlackElo "2710"]
[WhiteFideId "605506"]
[BlackFideId "8602883"]
[EventDate "2014.12.13"]

1. d4 d5 2. c4 c6 3. Nc3 Nf6 4. e3 g6 5. Nf3 Bg7 6. Be2 O-O 7. O-O a6 8. b3 Ne4
9. Bb2 Nxc3 10. Bxc3 Bf5 11. Rc1 Nd7 12. Bb4 Re8 13. cxd5 cxd5 14. Qd2 Nf6 15.
Ne5 Ne4 16. Qb2 Nd6 17. a4 Be6 18. Rc5 Rc8 19. Rfc1 Rxc5 20. Rxc5 Qb8 21. Qc1
Rc8 22. Rxc8+ Nxc8 23. Nd3 Bd7 24. Qc5 e6 25. Ne5 Be8 26. a5 f6 27. Ng4 Kf7 28.
f4 h5 29. Nf2 Kg8 30. g4 hxg4 31. Nxg4 Kf7 32. h4 Bd7 33. h5 gxh5 34. Nh2 Kg6
35. Nf3 b6 36. Nh4+ Kh6 37. axb6 Qxb6 38. Qxb6 Nxb6 39. Bxa6 e5 40. Bc5 Na8 41.
Bd3 exf4 42. exf4 Nc7 43. Kf2 Nb5 44. Ke3 Nc3 45. Nf5+ Bxf5 46. Bxf5 h4 47. b4
Kh5 48. Kf3 Bh6 49. Be6 Kg6 50. Bd7 f5 51. b5 h3 52. b6 Bxf4 53. b7 h2 54. Kg2
Nd1 55. Be8+ Kf6 56. Bb4 Nf2 0-1

[Event "SportAccord Blitz 2014"]
[Site "Beijing CHN"]
[Date "2014.12.13"]
[Round "10.5"]
[White "Harikrishna, Pentala"]
[Black "Wojtaszek, Radoslaw"]
[Result "1-0"]
[WhiteTitle "GM"]
[BlackTitle "GM"]
[WhiteElo "2727"]
[BlackElo "2744"]
[WhiteFideId "5007003"]
[BlackFideId "1118358"]
[EventDate "2014.12.13"]

1. b3 d5 2. Bb2 Bg4 3. f3 Bf5 4. e3 e6 5. Ne2 c5 6. h4 h5 7. Nf4 Be7 8. Bxg7
Bxh4+ 9. Ke2 Rh7 10. Bb2 Nc6 11. Na3 Qe7 12. c4 O-O-O 13. cxd5 exd5 14. Qc1 Bg5
15. Rxh5 Rxh5 16. Nxh5 Bg6 17. Ng3 f5 18. Kd1 d4 19. e4 fxe4 20. Nxe4 Bxe4 21.
fxe4 Qxe4 22. Qxc5 Qf4 23. Kc2 Qxd2+ 24. Kb1 Qe1+ 25. Bc1 Bxc1 26. Qxc1 Qe4+ 27.
Kb2 d3 28. Nc4 Nf6 29. Qc3 Ng4 30. Re1 Qf4 31. Bxd3 Qf2+ 32. Re2 Qc5 33. a3 Kb8
34. b4 Qg5 35. Be4 Nd4 36. Rd2 Qf6 37. Bf3 Nh2 38. Be4 Nf1 39. Rd1 Nh2 40. Ne3
Qf2+ 41. Kb1 Rc8 42. Qxd4 1-0

[Event "SportAccord Blitz 2014"]
[Site "Beijing CHN"]
[Date "2014.12.14"]
[Round "11.1"]
[White "Vachier-Lagrave, Maxime"]
[Black "Aronian, Levon"]
[Result "1-0"]
[WhiteTitle "GM"]
[BlackTitle "GM"]
[WhiteElo "2758"]
[BlackElo "2797"]
[WhiteFideId "623539"]
[BlackFideId "13300474"]
[EventDate "2014.12.13"]

1. c4 Nf6 2. Nc3 e6 3. e4 d5 4. e5 d4 5. exf6 dxc3 6. bxc3 Qxf6 7. d4 e5 8. Nf3
Nc6 9. Bg5 Qg6 10. d5 Nb8 11. h4 e4 12. Nd4 Bd6 13. Be2 h6 14. Bh5 Qh7 15. Be3
O-O 16. Nb5 Nd7 17. Nxd6 cxd6 18. Bf4 Re8 19. Bxd6 e3 20. O-O Nf6 21. fxe3 Qe4
22. Rxf6 gxf6 23. Bf4 Qxc4 24. Qf3 Bf5 25. Bxh6 Qe4 26. Qg3+ Bg6 27. Bf3 Qe5 28.
Bf4 Qxc3 29. Rb1 Kh8 30. Rxb7 Rg8 31. Qf2 Qd3 32. Kh2 Rac8 33. Qb2 Qf5 34. Rxa7
Rc2 35. Qd4 Bh5 36. Be4 Rf2 37. Bxf5 Rfxg2+ 38. Kh3 Rg1 39. Qxf6+ 1-0

[Event "SportAccord Blitz 2014"]
[Site "Beijing CHN"]
[Date "2014.12.14"]
[Round "11.2"]
[White "Wang, Hao"]
[Black "Harikrishna, Pentala"]
[Result "1/2-1/2"]
[WhiteTitle "GM"]
[BlackTitle "GM"]
[WhiteElo "2710"]
[BlackElo "2727"]
[WhiteFideId "8602883"]
[BlackFideId "5007003"]
[EventDate "2014.12.13"]

1. Nf3 Nf6 2. c4 e6 3. g3 d5 4. Bg2 Be7 5. O-O O-O 6. d4 dxc4 7. Qc2 a6 8. a4
Bd7 9. Rd1 Nc6 10. Qxc4 b5 11. Qb3 bxa4 12. Qxa4 Nb4 13. Qb3 Rb8 14. Nc3 Nd3 15.
Qc2 Nxc1 16. Rdxc1 c5 17. Rxa6 cxd4 18. Nxd4 Rb4 19. Nc6 Bxc6 20. Rxc6 Qb8 21.
Nd1 g6 22. Bf3 Rd8 23. Rc8 Rxc8 24. Qxc8+ Qxc8 25. Rxc8+ Kg7 26. Rc2 Bd6 27. Ne3
Be7 28. Kg2 h5 29. h4 Bf8 30. Bc6 Ng4 31. Nc4 Be7 32. Bf3 Nh6 33. e4 Bf6 34. e5
Be7 35. Be4 Bc5 36. f3 Bd4 37. Kf1 Rb3 38. Ke2 Nf5 39. Bxf5 gxf5 40. Rd2 Bc5 41.
Rd7 Rb4 42. Kd3 Rb3+ 43. Ke2 Rb4 44. Kd3 Rb3+ 45. Kc2 Rxf3 46. Nd6 Rxg3 47.
Rxf7+ Kg8 48. Rf6 Re3 49. Nc4 Re4 50. Kd3 Rxh4 51. Rxe6 Rh3+ 52. Ke2 f4 53. Rf6
Bd4 54. Rxf4 Rh2+ 55. Kd3 Bxb2 56. e6 Rh3+ 57. Ke4 Ba3 58. Kf5 Be7 59. Ne5 Rg3
60. Nf7 Kg7 61. Rc4 Rf3+ 62. Ke4 Rf1 63. Rc7 Kf6 64. Rc6 h4 65. Nh6 h3 66. Ng4+
Kg5 67. Rc7 Kxg4 68. Rxe7 Re1+ 69. Kd5 h2 70. Rh7 h1=Q+ 71. Rxh1 Rxh1 72. e7 Re1
73. Kd6 Kf5 74. Kd7 Kf6 75. e8=Q Rxe8 76. Kxe8 1/2-1/2

[Event "SportAccord Blitz 2014"]
[Site "Beijing CHN"]
[Date "2014.12.14"]
[Round "11.5"]
[White "Nepomniachtchi, Ian"]
[Black "Dominguez Perez, Leinier"]
[Result "1-0"]
[WhiteTitle "GM"]
[BlackTitle "GM"]
[WhiteElo "2714"]
[BlackElo "2726"]
[WhiteFideId "4168119"]
[BlackFideId "3503240"]
[EventDate "2014.12.13"]

1. e4 c5 2. Nf3 d6 3. d4 cxd4 4. Nxd4 Nf6 5. Nc3 a6 6. h3 e6 7. g4 Nfd7 8. Bg2
Be7 9. O-O O-O 10. f4 Nc6 11. Nf3 b5 12. Ne2 Bb7 13. Ng3 Rc8 14. g5 Re8 15. h4
Bf8 16. h5 Qc7 17. g6 hxg6 18. hxg6 fxg6 19. Nh4 Ne7 20. Qg4 Qc4 21. Bh3 Nc5 22.
Be3 Nf5 23. exf5 exf5 24. Qxg6 Rxe3 25. Bxf5 Rxg3+ 26. Qxg3 Qd4+ 27. Qf2 Qd5 28.
Kh2 Re8 29. Rae1 Rxe1 30. Rxe1 Qc4 31. b3 Qc3 32. Ng6 Qf6 33. Qh4 Qxf5 34. Qh8+
Kf7 35. Qxf8+ Kxg6 36. Rg1+ 1-0

[Event "SportAccord Blitz 2014"]
[Site "Beijing CHN"]
[Date "2014.12.14"]
[Round "11.8"]
[White "Wojtaszek, Radoslaw"]
[Black "Leko, Peter"]
[Result "1/2-1/2"]
[WhiteTitle "GM"]
[BlackTitle "GM"]
[WhiteElo "2744"]
[BlackElo "2723"]
[WhiteFideId "1118358"]
[BlackFideId "703303"]
[EventDate "2014.12.13"]

1. d4 Nf6 2. c4 e6 3. Nc3 Bb4 4. Nf3 O-O 5. Qc2 d5 6. cxd5 exd5 7. Bg5 h6 8. Bh4
c5 9. e3 cxd4 10. Nxd4 Nc6 11. Nxc6 bxc6 12. Be2 g5 13. Bg3 Ne4 14. O-O Bxc3 15.
bxc3 Bf5 16. Bd3 Re8 17. f3 Nxg3 18. hxg3 Bxd3 19. Qxd3 Re6 20. Rfe1 Qe7 21. g4
Rb8 22. Re2 Re8 23. Kf2 Qc7 24. Rb1 Qe7 25. Rb3 Qc7 26. Rb1 Qe7 27. Rb3 Qc7 28.
Rb1 1/2-1/2

[Event "SportAccord Blitz 2014"]
[Site "Beijing CHN"]
[Date "2014.12.14"]
[Round "12.1"]
[White "Aronian, Levon"]
[Black "Wojtaszek, Radoslaw"]
[Result "1/2-1/2"]
[WhiteTitle "GM"]
[BlackTitle "GM"]
[WhiteElo "2797"]
[BlackElo "2744"]
[WhiteFideId "13300474"]
[BlackFideId "1118358"]
[EventDate "2014.12.13"]

1. Nf3 d5 2. g3 c6 3. Bg2 Bf5 4. c4 e6 5. O-O Nd7 6. cxd5 cxd5 7. d3 Ngf6 8. Nc3
Bc5 9. Qb3 Qb6 10. Nh4 Qxb3 11. axb3 Bg6 12. Nxg6 hxg6 13. Bf4 Ke7 14. h4 a6 15.
Bg5 Rhe8 16. e3 Kf8 17. Rfc1 Rec8 18. d4 Bd6 19. Ne2 Ne4 20. Bxe4 dxe4 21. Bf4
Be7 22. Kf1 Nb6 23. Nc3 f5 24. Ke2 Kf7 25. f3 exf3+ 26. Kxf3 Rc6 27. e4 fxe4+
28. Nxe4 Rac8 29. Bg5 Nd5 30. Rxc6 Rxc6 31. Bxe7 Kxe7 32. Nc5 Rb6 33. Re1 Nc7
34. Re4 Rb4 35. Rg4 b6 36. Nd3 Rxb3 37. Ke4 Nb5 38. Rxg6 Nd6+ 39. Ke3 Nf5+ 40.
Ke4 Nd6+ 41. Ke3 Nf5+ 42. Ke4 Nd6+ 43. Ke3 Nf5+ 1/2-1/2

[Event "SportAccord Blitz 2014"]
[Site "Beijing CHN"]
[Date "2014.12.13"]
[Round "12.2"]
[White "Gelfand, Boris"]
[Black "Vachier-Lagrave, Maxime"]
[Result "0-1"]
[WhiteTitle "GM"]
[BlackTitle "GM"]
[WhiteElo "2743"]
[BlackElo "2758"]
[WhiteFideId "2805677"]
[BlackFideId "623539"]
[EventDate "2014.12.13"]

1. d4 Nf6 2. Nf3 g6 3. Bg5 Bg7 4. Nbd2 O-O 5. c3 d5 6. e3 c5 7. Be2 b6 8. O-O
Bb7 9. Qb1 Nc6 10. b4 cxb4 11. cxb4 Ne8 12. Rc1 Nd6 13. Bf4 Rc8 14. Qb3 e6 15.
Qa4 f6 16. Bxd6 Qxd6 17. a3 Rc7 18. Ba6 Bxa6 19. Qxa6 Rfc8 20. Nb3 Qd7 21. h3
Bf8 22. Qf1 Bd6 23. Kh1 g5 24. Rc3 h5 25. Rac1 Ne7 26. Rxc7 Rxc7 27. Rxc7 Qxc7
28. Qc1 Qc4 29. Nfd2 Qb5 30. Kg1 Kg7 31. Qc2 Qa6 32. Qc1 Qd3 33. Qf1 Qc2 34. Qb1
Qc6 35. Qc1 Qa4 36. Qb2 Qa6 37. Qc1 g4 38. hxg4 hxg4 39. g3 f5 40. Qb2 Kf7 41.
Nf1 Ng8 42. Qc1 Nf6 43. Qc6 Be7 44. Qc1 Ne4 45. Nfd2 Nd6 46. Kg2 Nc4 47. Nxc4
dxc4 48. Nd2 b5 49. Nb1 Qc6+ 50. Kg1 Bd6 51. Nc3 a6 52. Qf1 Qf3 53. Qg2 Ke8 54.
Qf1 Kd7 55. Qg2 Qxg2+ 56. Kxg2 e5 57. Kf1 exd4 58. exd4 Be7 59. Ke2 Bf6 60. Ke3
Bg5+ 61. Ke2 Bc1 62. Nb1 Kc6 63. Kd1 Bb2 0-1

[Event "SportAccord Blitz 2014"]
[Site "Beijing CHN"]
[Date "2014.12.13"]
[Round "12.7"]
[White "Wang, Hao"]
[Black "Ponomariov, Ruslan"]
[Result "0-1"]
[WhiteTitle "GM"]
[BlackTitle "GM"]
[WhiteElo "2710"]
[BlackElo "2714"]
[WhiteFideId "8602883"]
[BlackFideId "14103320"]
[EventDate "2014.12.13"]

1. Nf3 d6 2. d4 g6 3. e4 Bg7 4. Nc3 Nf6 5. Be2 O-O 6. O-O e6 7. Re1 Nc6 8. h3 a6
9. Bg5 h6 10. Be3 b5 11. a3 Bb7 12. Qd2 Kh7 13. Rad1 Ne7 14. Bd3 Rc8 15. b4 Nd7
16. Bf4 Nb6 17. Ne2 f6 18. c3 e5 19. Bh2 Qe8 20. Qa2 Rd8 21. Nc1 Bc8 22. Nb3 Be6
23. d5 Bd7 24. Na5 f5 25. c4 bxc4 26. Nxc4 f4 27. Nfd2 g5 28. Nxb6 cxb6 29. Nc4
Nc8 30. Kf1 b5 31. Na5 f3 32. g4 h5 33. Nb7 hxg4 34. Re3 Qh5 35. Ke1 Rde8 36.
Qc2 Rf7 37. Kd2 gxh3 38. Qc7 Qg6 39. Rc1 g4 40. Qa5 Bh6 41. Re1 Bf4 42. Bg3 Bxg3
43. fxg3 f2 44. Rf1 Ref8 45. Qxa6 Qh6 46. Qa5 Rf3 0-1

[Event "SportAccord Blitz 2014"]
[Site "Beijing CHN"]
[Date "2014.12.13"]
[Round "12.8"]
[White "Harikrishna, Pentala"]
[Black "Leko, Peter"]
[Result "1/2-1/2"]
[WhiteTitle "GM"]
[BlackTitle "GM"]
[WhiteElo "2727"]
[BlackElo "2723"]
[WhiteFideId "5007003"]
[BlackFideId "703303"]
[EventDate "2014.12.13"]

1. e4 e5 2. Nf3 Nc6 3. Bb5 Nf6 4. d3 Bc5 5. Nbd2 O-O 6. O-O Nd4 7. Nxd4 Bxd4 8.
Nf3 Bb6 9. Nxe5 d5 10. Bg5 c6 11. Ba4 dxe4 12. Bb3 exd3 13. Qxd3 Qxd3 14. Nxd3
Bf5 15. Bxf6 gxf6 16. Rad1 Rad8 17. Nf4 Kg7 18. Rfe1 Bc7 19. Nh5+ Kg6 20. Ng3
Rxd1 21. Rxd1 Bc8 22. Ne2 Rd8 23. Rxd8 Bxd8 24. Nf4+ Kg7 25. Bc4 Bc7 26. Ne2 f5
27. f4 Bb6+ 28. Kf1 Kf6 29. b3 Bd7 30. Nc1 Bd4 31. g3 Bc8 32. Kg2 Bd7 33. Ne2
Bc5 34. Ng1 Bb6 35. Nf3 Bc7 36. Ng5 b5 37. Be2 h6 38. Nf3 a5 39. Nd4 Bb6 40. Nf3
Bc7 41. Bd3 Bb6 42. Ne5 Be8 43. Kf3 Bd4 44. g4 fxg4+ 45. Nxg4+ Kg7 46. Bf5 h5
47. Ne5 f6 48. Bd7 fxe5 49. Bxe8 exf4 50. Bxc6 b4 51. Kxf4 Kf6 52. h3 h4 53. Ke4
Bf2 54. Kd3 Ke5 55. c4 bxc3 56. Kxc3 Kd6 57. Bf3 Kc5 58. a3 1/2-1/2

[Event "SportAccord Blitz 2014"]
[Site "Beijing CHN"]
[Date "2014.12.13"]
[Round "13.1"]
[White "Nepomniachtchi, Ian"]
[Black "Bacrot, Etienne"]
[Result "1-0"]
[WhiteTitle "GM"]
[BlackTitle "GM"]
[WhiteElo "2714"]
[BlackElo "2718"]
[WhiteFideId "4168119"]
[BlackFideId "605506"]
[EventDate "2014.12.13"]

1. Nf3 d5 2. g3 g6 3. Bg2 Bg7 4. O-O e5 5. d3 Ne7 6. Nbd2 O-O 7. e4 Nbc6 8. exd5
Nxd5 9. Nc4 h6 10. Re1 Re8 11. c3 Nb6 12. Ne3 Be6 13. Qc2 Qd7 14. a4 a5 15. Bd2
Rad8 16. Bf1 Bh3 17. Bxh3 Qxh3 18. Rad1 Kh8 19. Bc1 f5 20. Ng2 g5 21. Nd2 e4 22.
d4 Nd5 23. Nf1 Nce7 24. Qe2 Ng6 25. f3 Re7 26. fxe4 Rxe4 27. Qf2 Rde8 28. Rxe4
Rxe4 29. Re1 Nf6 30. Rxe4 Nxe4 31. Qf3 Nh4 32. Nxh4 gxh4 33. Bf4 c6 34. Qg2
Qxg2+ 35. Kxg2 hxg3 36. Nxg3 Nxg3 37. Kxg3 b5 38. axb5 cxb5 39. Bc7 a4 40. Kf4
Kg8 41. Kxf5 Kf7 42. Be5 Bf8 43. d5 Bc5 44. h4 Ke7 45. h5 Be3 46. Bf4 Bxf4 47.
Kxf4 Kd6 1-0

[Event "SportAccord Blitz 2014"]
[Site "Beijing CHN"]
[Date "2014.12.13"]
[Round "13.5"]
[White "Wojtaszek, Radoslaw"]
[Black "Gelfand, Boris"]
[Result "1/2-1/2"]
[WhiteTitle "GM"]
[BlackTitle "GM"]
[WhiteElo "2744"]
[BlackElo "2743"]
[WhiteFideId "1118358"]
[BlackFideId "2805677"]
[EventDate "2014.12.13"]

1. d4 d5 2. c4 c6 3. Nf3 Nf6 4. e3 Bf5 5. Nc3 e6 6. Nh4 Be4 7. f3 Bg6 8. Nxg6
hxg6 9. Qb3 Qc7 10. Bd2 Be7 11. O-O-O dxc4 12. Bxc4 a6 13. Be2 c5 14. dxc5 Nbd7
15. Kb1 Nxc5 16. Qc2 b5 17. Rc1 Qb7 18. e4 O-O 19. e5 Nd5 20. Nxd5 exd5 21. Be3
Rac8 22. Bxc5 Rxc5 23. Qd3 Rfc8 24. Rxc5 Rxc5 25. Rc1 Qc8 26. Rc2 Rxc2 27. Qxc2
Qxc2+ 28. Kxc2 Bc5 29. a4 bxa4 30. Bxa6 a3 31. bxa3 Bxa3 1/2-1/2

[Event "SportAccord Blitz 2014"]
[Site "Beijing CHN"]
[Date "2014.12.13"]
[Round "13.6"]
[White "Leko, Peter"]
[Black "Aronian, Levon"]
[Result "0-1"]
[WhiteTitle "GM"]
[BlackTitle "GM"]
[WhiteElo "2723"]
[BlackElo "2797"]
[WhiteFideId "703303"]
[BlackFideId "13300474"]
[EventDate "2014.12.13"]

1. e4 e5 2. Nf3 Nc6 3. Bb5 d6 4. d4 exd4 5. Nxd4 Bd7 6. O-O g6 7. Nc3 Bg7 8. Be3
Nf6 9. h3 O-O 10. Re1 Re8 11. Nxc6 Bxc6 12. Bxc6 bxc6 13. Bg5 h6 14. Bd2 Nd7 15.
b3 Nc5 16. Qf3 Qf6 17. Qxf6 Bxf6 18. f3 a5 19. Rad1 a4 20. Kf2 h5 21. Re2 axb3
22. axb3 Ra6 23. g3 Rea8 24. Ree1 Ra3 25. f4 Ne6 26. e5 dxe5 27. fxe5 Be7 28.
Ne4 Ra2 29. Bc3 Rxc2+ 30. Re2 Rxe2+ 31. Kxe2 Rb8 32. Rb1 Kf8 33. h4 Ke8 34. Kd3
Nc5+ 35. Nxc5 Bxc5 36. Kc4 Rb5 37. Rf1 Be7 38. Ra1 Rc5+ 39. Kd3 Kd7 40. Ra7 Rb5
41. Kc4 Bc5 42. Ra8 Bf2 43. Rf8 Ke7 44. Rc8 Rb7 45. Ba5 Bxg3 46. b4 Bxe5 47. Kc5
Kd7 48. Rg8 Bd6+ 49. Kc4 Rb5 0-1

[Event "SportAccord Blitz 2014"]
[Site "Beijing CHN"]
[Date "2014.12.13"]
[Round "13.7"]
[White "Ponomariov, Ruslan"]
[Black "Harikrishna, Pentala"]
[Result "1-0"]
[WhiteTitle "GM"]
[BlackTitle "GM"]
[WhiteElo "2714"]
[BlackElo "2727"]
[WhiteFideId "14103320"]
[BlackFideId "5007003"]
[EventDate "2014.12.13"]

1. d4 d5 2. c4 c6 3. Nf3 Nf6 4. Nc3 dxc4 5. a4 Na6 6. e4 Bg4 7. Bxc4 Bxf3 8.
gxf3 e6 9. Be3 Nb4 10. f4 Qa5 11. Rg1 g6 12. Rc1 Bh6 13. Kf1 Qc7 14. Qf3 Nh5 15.
Ne2 Rd8 16. Kg2 O-O 17. Kh1 Kh8 18. f5 Bxe3 19. fxe3 exf5 20. exf5 Rde8 21. e4
Qe7 22. e5 c5 23. f6 Qd8 24. Qxb7 a5 25. Bb5 cxd4 26. Bxe8 Qxe8 27. Qe4 d3 28.
Nc3 Qe6 29. Rg5 Re8 30. Rcg1 Nxf6 31. exf6 Qxe4+ 32. Nxe4 Rxe4 33. Rxa5 h5 34.
Ra8+ Kh7 35. Ra7 Rd4 36. Rxf7+ Kh6 37. Rg7 Rg4 38. Rxg4 hxg4 39. Rd7 g5 40. a5
Kg6 41. f7 Kg7 42. Kg2 1-0

[Event "SportAccord Blitz 2014"]
[Site "Beijing CHN"]
[Date "2014.12.13"]
[Round "14.3"]
[White "Bacrot, Etienne"]
[Black "Radjabov, Teimour"]
[Result "1-0"]
[WhiteTitle "GM"]
[BlackTitle "GM"]
[WhiteElo "2718"]
[BlackElo "2734"]
[WhiteFideId "605506"]
[BlackFideId "13400924"]
[EventDate "2014.12.13"]

1. e4 e6 2. d4 d5 3. Nc3 Nf6 4. e5 Nfd7 5. f4 c5 6. Nf3 Nc6 7. Be3 Be7 8. Qd2 a6
9. Be2 O-O 10. O-O b6 11. Nd1 Bb7 12. c3 f5 13. a3 Na5 14. Qe1 Rc8 15. Kh1 Nc4
16. Bc1 Na5 17. Be3 Qe8 18. Rg1 Rf7 19. g4 fxg4 20. Rxg4 Nf8 21. Bd3 Qa4 22. Qg1
Nc4 23. Bc1 cxd4 24. cxd4 Qb3 25. Qf1 Bc6 26. Rg3 Bb5 27. Ng5 Bxg5 28. Bxh7+
Nxh7 29. Rxb3 Nd2 30. Qh3 Nxb3 31. Qxb3 Bxf4 32. Nc3 Bd3 33. Qxb6 Ng5 34. h4 Ne4
35. Bxf4 Nxc3 36. bxc3 Bf5 37. Bd2 Kh7 38. Kg1 Rcc7 39. Rf1 Rb7 40. Qxa6 Rb2 41.
Qe2 Ra7 42. Qh5+ Kg8 43. Qe8+ Kh7 44. Qh5+ Kg8 45. Bc1 Rc2 46. Qe8+ Kh7 47. h5
Be4 48. Rf8 Rxc1+ 49. Kf2 Kh6 50. Qd8 Kxh5 51. Rh8+ Kg6 52. Qe8+ Rf7+ 53. Ke2
Rc2+ 54. Kd1 Rf2 55. Rf8 Bc2+ 56. Kc1 Ba4 57. Qxe6+ 1-0

[Event "SportAccord Blitz 2014"]
[Site "Beijing CHN"]
[Date "2014.12.13"]
[Round "14.4"]
[White "Wang, Hao"]
[Black "Nepomniachtchi, Ian"]
[Result "0-1"]
[WhiteTitle "GM"]
[BlackTitle "GM"]
[WhiteElo "2710"]
[BlackElo "2714"]
[WhiteFideId "8602883"]
[BlackFideId "4168119"]
[EventDate "2014.12.13"]

1. Nf3 g6 2. e4 Nf6 3. e5 Nh5 4. d4 d6 5. Be2 Nc6 6. exd6 exd6 7. O-O Bg7 8. c3
O-O 9. Re1 h6 10. Nbd2 a5 11. a4 Ne7 12. Bf1 b6 13. Ne4 Nd5 14. Ng3 Nhf6 15. Bd2
Bb7 16. c4 Nb4 17. d5 Qd7 18. Bc3 Na6 19. b3 Nc5 20. Qc2 Rae8 21. h3 Qd8 22. Qb2
Bc8 23. b4 axb4 24. Qxb4 Nfd7 25. Bxg7 Kxg7 26. a5 Qf6 27. axb6 Nxb6 28. Red1
Bxh3 29. Ra7 Bg4 30. Rxc7 Bxf3 31. gxf3 Nbd7 32. Bg2 Ne5 33. Qc3 Rb8 34. Ne4
Nxe4 35. fxe4 Rfc8 36. Rxc8 Rxc8 37. Qg3 g5 38. Bh3 Rxc4 39. Bf5 Ng6 40. Bxg6
Kxg6 41. Qd3 Rc3 42. Qe2 Qe5 43. Kg2 h5 44. Rh1 h4 45. Qg4 Kf6 46. Re1 h3+ 47.
Kh1 Qf4 48. Qxf4+ gxf4 49. Kh2 Ke5 50. Re2 Rd3 51. Re1 Rd2 52. Kxh3 Rxf2 53. Kg4
Rg2+ 54. Kf3 Rg3+ 55. Kf2 Rd3 56. Re2 f3 57. Re1 0-1

[Event "SportAccord Blitz 2014"]
[Site "Beijing CHN"]
[Date "2014.12.13"]
[Round "14.6"]
[White "Harikrishna, Pentala"]
[Black "Aronian, Levon"]
[Result "0-1"]
[WhiteTitle "GM"]
[BlackTitle "GM"]
[WhiteElo "2727"]
[BlackElo "2797"]
[WhiteFideId "5007003"]
[BlackFideId "13300474"]
[EventDate "2014.12.13"]

1. e4 e5 2. Nf3 Nc6 3. Bb5 Nf6 4. d3 Bd6 5. O-O a6 6. Ba4 O-O 7. c3 Re8 8. Nbd2
Bf8 9. Re1 b5 10. Bc2 d5 11. exd5 Qxd5 12. d4 Bb7 13. Ne4 exd4 14. Nfg5 dxc3 15.
Nxf6+ gxf6 16. Ne4 Qxd1 17. Nxf6+ Kh8 18. Rxd1 Re6 19. Nd5 Nd4 20. Bd3 c2 0-1

[Event "SportAccord Blitz 2014"]
[Site "Beijing CHN"]
[Date "2014.12.13"]
[Round "14.7"]
[White "Gelfand, Boris"]
[Black "Leko, Peter"]
[Result "1/2-1/2"]
[WhiteTitle "GM"]
[BlackTitle "GM"]
[WhiteElo "2743"]
[BlackElo "2723"]
[WhiteFideId "2805677"]
[BlackFideId "703303"]
[EventDate "2014.12.13"]

1. d4 Nf6 2. c4 e6 3. Nf3 b6 4. g3 Ba6 5. Nbd2 Bb7 6. Bg2 Be7 7. O-O O-O 8. Qc2
d5 9. Rd1 Na6 10. a3 c5 11. cxd5 exd5 12. Nb1 Qc8 13. Nc3 Ne4 14. Bf4 Nxc3 15.
bxc3 Nc7 16. dxc5 bxc5 17. Rab1 Rd8 18. c4 Ne6 19. Rxb7 Qxb7 20. cxd5 Nxf4 21.
gxf4 Rab8 22. Ne5 Qb3 23. Qxb3 Rxb3 24. Nc6 Rd7 25. e4 c4 26. Nxe7+ Rxe7 27. d6
Rd7 28. e5 c3 29. Be4 g6 30. Rd4 Rxa3 31. Rc4 a5 32. Rc7 Rd8 33. Bd5 Rf8 34. d7
Ra1+ 35. Kg2 Rd1 36. e6 fxe6 37. Bxe6+ Kh8 38. Rxc3 Kg7 39. Rc8 a4 40. Kf3 a3
41. Kg3 Rd3+ 42. Kg2 Rd2 43. Rc7 Kf6 44. Rc8 Ke7 45. Bg4 a2 46. Rc1 Ra8 47. Re1+
Kf7 48. Be6+ Kg7 49. Ra1 Kf6 50. Rxa2 Raxa2 51. Bxa2 Rxd7 52. Bb1 Rd4 53. Kg3
Rb4 54. Bc2 Rb2 55. Be4 Ke6 56. f3 Kf6 57. Bd3 Rd2 58. Be4 Ke7 59. Bb1 Kd6 60.
Be4 Kc5 61. h4 Kd4 62. f5 gxf5 63. Bxf5 h6 64. Kg4 Ke5 65. Be4 Kf6 66. Kf4 Rg2
67. Bd3 Rg1 68. Be4 Ke6 69. Bd3 Kf6 70. Be4 Rh1 71. Kg4 Ke5 72. Kh5 Kf6 73. Bd3
Rh2 74. Be4 1/2-1/2

[Event "SportAccord Blitz 2014"]
[Site "Beijing CHN"]
[Date "2014.12.13"]
[Round "14.8"]
[White "Dominguez Perez, Leinier"]
[Black "Vachier-Lagrave, Maxime"]
[Result "1/2-1/2"]
[WhiteTitle "GM"]
[BlackTitle "GM"]
[WhiteElo "2726"]
[BlackElo "2758"]
[WhiteFideId "3503240"]
[BlackFideId "623539"]
[EventDate "2014.12.13"]

1. e4 c5 2. c4 Nc6 3. Nc3 d6 4. g3 g6 5. Bg2 Bg7 6. Nge2 e6 7. O-O Nge7 8. d3
O-O 9. Rb1 b6 10. Be3 Bb7 11. Qd2 Nd4 12. Bh6 Bxh6 13. Qxh6 Nec6 14. Qd2 Qd7 15.
Nxd4 Nxd4 16. b4 f5 17. f4 fxe4 18. Nxe4 Bxe4 19. Bxe4 Rae8 20. Rbe1 d5 21. cxd5
exd5 22. Bg2 Qd6 23. bxc5 Qxc5 24. Kh1 Nf5 25. d4 Qxd4 26. Bxd5+ Kg7 27. Qxd4+
Nxd4 28. Rd1 Nf5 29. Bb3 Re7 30. Rfe1 Rfe8 31. Rxe7+ Rxe7 32. Kg1 h5 33. Kf2 Ne3
34. Rd2 Ng4+ 35. Kg2 Nf6 36. Kf3 b5 37. h3 a5 38. g4 hxg4+ 39. hxg4 a4 40. Bc2
Rc7 41. Bd3 b4 42. Rc2 Rxc2 43. Bxc2 b3 44. Bxb3 axb3 45. axb3 Nd7 46. b4 Kf6
47. b5 Ke6 48. Kg3 Nb6 49. f5+ gxf5 50. gxf5+ 1/2-1/2